[Event "Nova Gorica op-B 13th"]
[Site "Nova Gorica"]
[Date "2008.01.31"]
[Round "8"]
[White "Pagnutti, Lorenzo"]
[Black "Ursic, Simona"]
[Result "0-1"]
[WhiteElo "2046"]
[BlackElo "2090"]
[PlyCount "92"]
[EventDate "2008.01.26"]
[EventType "swiss"]
[EventRounds "9"]
[EventCountry "SLO"]
[SourceTitle "EXT 2010"]
[Source "ChessBase"]
[SourceDate "2010.11.25"]
[SourceVersion "1"]
[SourceVersionDate "2010.11.25"]
[SourceQuality "1"]

1. e4 e5 2. Nf3 Nc6 3. Bc4 Bc5 4. c3 Nf6 5. d3 a6 6. 0-0 0-0 7. Bb3 Ba7 8. Re1 d6 9. Nbd2 Ne7 10. Nf1 Ng6 11. Ng3 h6 12. h3 Nh7 13. d4 Nh4 14. Be3 Nxf3+ 15. Qxf3 Ng5 16. Qh5 Qf6 17. Rad1 Be6 18. h4 Bxb3 19. axb3 Ne6 20. Nf5 Kh7 21. g3 Qg6 22. Qe2 exd4 23. cxd4 Rad8 24. Qc2 Kh8 25. d5 Bxe3 26. Rxe3 Nc5 27. b4 Nd7 28. Qxc7 Ne5 29. Qxb7 Qh5 30. Ree1 Nf3+ 31. Kf1 Nxe1 32. Rxe1 Qf3 33. Kg1 g6 34. Nd4 Qd3 35. Nc6 Rde8 36. Qd7 Rxe4 37. Rxe4 Qxe4 38. Qxd6 Kg7 39. Qc5 Rc8 40. Kh2 Kh7 41. b3 Qf3 42. Qe3 Qf6 43. Kg1 Rc7 44. Qe8 Qd6 45. h5 Qxd5 46. hxg6+ fxg6 0-1

[Event "Nova Gorica op-B 13th"]
[Site "Nova Gorica"]
[Date "2008.01.26"]
[Round "2"]
[White "Grosar, Gari"]
[Black "Ursic, Simona"]
[Result "0-1"]
[WhiteElo "1907"]
[BlackElo "2090"]
[PlyCount "58"]
[EventDate "2008.01.26"]
[EventType "swiss"]
[EventRounds "9"]
[EventCountry "SLO"]
[SourceTitle "EXT 2010"]
[Source "ChessBase"]
[SourceDate "2010.11.25"]
[SourceVersion "1"]
[SourceVersionDate "2010.11.25"]
[SourceQuality "1"]

1. e4 e5 2. Nf3 Nc6 3. d4 exd4 4. Bc4 Nf6 5. e5 d5 6. Bb5 Ne4 7. Nxd4 Bd7 8. Bxc6 bxc6 9. c3 Bc5 10. 0-0 0-0 11. Be3 Qe7 12. f3 Ng5 13. Bxg5 Qxg5 14. f4 Qh6 15. Nd2 f6 16. Kh1 fxe5 17. fxe5 Rxf1+ 18. Nxf1 Rf8 19. Qe2 Re8 20. Re1 Bc8 21. Ng3 Bd6 22. Ngf5 Qf4 23. Nxd6 cxd6 24. Nxc6 Bd7 25. Nb4 Rxe5 26. Qd1 Bg4 27. Qc1 Re2 28. Rf1 Qe4 29. Qb1 Qxg2# 0-1

[Event "SLO-chT (Women)"]
[Site "Ljubljana"]
[Date "2007.12.07"]
[Round "6.2"]
[White "Srebrnic, Ana"]
[Black "Ursic, Simona"]
[Result "1/2-1/2"]
[WhiteElo "2278"]
[BlackElo "2111"]
[PlyCount "87"]
[EventDate "2007.11.29"]
[EventType "team"]
[EventRounds "9"]
[EventCountry "SLO"]
[SourceTitle "CBM 121 Extra"]
[Source "ChessBase"]
[SourceDate "2008.01.10"]
[SourceVersion "1"]
[SourceVersionDate "2008.01.10"]
[SourceQuality "1"]
[WhiteTeam "Nova Gorica (W)"]
[BlackTeam "Tolmin (W)"]
[WhiteTeamCountry "SLO"]
[BlackTeamCountry "SLO"]

1. d4 Nf6 2. Nf3 d6 3. c4 Nbd7 4. Nc3 c6 5. e4 e5 6. Be2 Be7 7. 0-0 a6 8. Be3 b5 9. cxb5 cxb5 10. b4 0-0 11. d5 Nb6 12. Nd2 Nfd7 13. g3 Bg5 14. f4 exf4 15. gxf4 Bf6 16. Rc1 Re8 17. Bf3 Nf8 18. Qb3 Bd7 19. Ne2 Na4 20. Nd4 Rc8 21. Rc2 Rxc2 22. Qxc2 Qc8 23. Rc1 Ng6 24. Qxc8 Rxc8 25. Rxc8+ Bxc8 26. N2b3 Nb2 27. Be2 Nc4 28. Bc1 Kf8 29. Kf1 Ke8 30. Ke1 Bh4+ 31. Kd1 Bf2 32. a4 bxa4 33. Bxc4 axb3 34. Nxb3 Bg1 35. h3 Bh2 36. f5 Ne5 37. Bf1 Bg1 38. Bf4 f6 39. Nd2 Ke7 40. Nc4 Nxc4 41. Bxc4 g6 42. fxg6 hxg6 43. Ke2 Bd4 44. Bd2 1/2-1/2

[Event "SLO-chT (Women)"]
[Site "Ljubljana"]
[Date "2007.12.01"]
[Round "4.2"]
[White "Nadvesnik, Maja"]
[Black "Ursic, Simona"]
[Result "0-1"]
[WhiteElo "1821"]
[BlackElo "2111"]
[PlyCount "66"]
[EventDate "2007.11.29"]
[EventType "team"]
[EventRounds "9"]
[EventCountry "SLO"]
[SourceTitle "CBM 121 Extra"]
[Source "ChessBase"]
[SourceDate "2008.01.10"]
[SourceVersion "1"]
[SourceVersionDate "2008.01.10"]
[SourceQuality "1"]
[WhiteTeam "Komenda (W)"]
[BlackTeam "Tolmin (W)"]
[WhiteTeamCountry "SLO"]
[BlackTeamCountry "SLO"]

1. e4 e5 2. Nf3 Nc6 3. Bb5 a6 4. Ba4 Nf6 5. d4 b5 6. dxe5 Nxe4 7. Bb3 Nc5 8. Bd5 Be7 9. Nd4 Bb7 10. Nxc6 dxc6 11. Bf3 Qxd1+ 12. Kxd1 0-0-0+ 13. Bd2 Ne6 14. Nc3 Bg5 15. Ne4 Rxd2+ 16. Nxd2 Rd8 17. Ke1 Bxd2+ 18. Kf1 c5 19. Bxb7+ Kxb7 20. Rd1 Bf4 21. Rxd8 Nxd8 22. Ke2 Bxe5 23. b3 Nc6 24. c4 Nb4 25. a4 bxa4 26. bxa4 Kb6 27. Rb1 Ka5 28. g3 Kxa4 29. Kd2 Bd4 30. f3 Ka3 31. h3 Ka2 32. Re1 Kb3 33. Rc1 a5 0-1

[Event "SLO-chT2"]
[Site "Ljubljana"]
[Date "2007.11.18"]
[Round "5.2"]
[White "Ursic, Simona"]
[Black "Illijin, Neboisa"]
[Result "1/2-1/2"]
[WhiteElo "2111"]
[BlackElo "2259"]
[PlyCount "95"]
[EventDate "2007.11.15"]
[EventType "team"]
[EventRounds "9"]
[EventCountry "SLO"]
[SourceTitle "CBM 121 Extra"]
[Source "ChessBase"]
[SourceDate "2008.01.10"]
[SourceVersion "1"]
[SourceVersionDate "2008.01.10"]
[SourceQuality "1"]
[WhiteTeam "Tolmin"]
[BlackTeam "Gorenjka Lesce"]
[WhiteTeamCountry "SLO"]
[BlackTeamCountry "SLO"]

1. e4 c5 2. c3 Nf6 3. e5 Nd5 4. d4 e6 5. Nf3 cxd4 6. cxd4 d6 7. Bc4 Nc6 8. 0-0 Be7 9. Qe2 0-0 10. Re1 dxe5 11. dxe5 Na5 12. Bd3 Bd7 13. Nc3 Nxc3 14. bxc3 Rc8 15. Qe4 g6 16. Bh6 Bc6 17. Qe3 Re8 18. Ng5 Bd5 19. Qf4 f5 20. exf6 Bxf6 21. Bb5 Bc6 22. Rad1 Bxg5 23. Bxg5 Qc7 24. Qxc7 Rxc7 25. Bd3 Ba4 26. Rc1 Rd7 27. Re3 Bc6 28. h3 Bd5 29. Bb5 Bc6 30. Bd3 Kf7 31. Rce1 b5 32. Bh4 a6 33. Bg3 Bd5 34. a3 Rc8 35. Be5 Rc6 36. Bd4 Nc4 37. Bxc4 Rxc4 38. R3e2 Ra4 39. Ra1 Rc7 40. Rb2 Rcc4 41. Rb4 Ke7 42. Be5 Kd7 43. Bf6 Kd6 44. f3 Kc6 45. Kf2 Kc5 46. Be7+ Kc6 47. Bf6 Kc5 48. Be7+ 1/2-1/2